[Event "Madrid-ch U18 1415"]
[Site "Madrid"]
[Date "2015.01.02"]
[Round "5"]
[White "Rubio Recio, Fernando"]
[Black "Perez Perez, Elena"]
[Result "0-1"]
[WhiteElo "1346"]
[BlackElo "1778"]
[PlyCount "46"]
[EventDate "2014.12.26"]
[EventType "swiss"]
[EventRounds "7"]
[EventCountry "ESP"]
[SourceTitle "EXT 2018"]
[Source "ChessBase"]
[SourceDate "2017.10.13"]
[SourceVersion "1"]
[SourceVersionDate "2017.10.13"]
[SourceQuality "1"]

1. d4 d5 2. c4 dxc4 3. e3 e5 4. Bxc4 exd4 5. exd4 Nf6 6. Nf3 Be7 7. Nc3 a6 8. 0-0 0-0 9. Re1 b5 10. Bb3 Bb7 11. a3 Re8 12. Ne5 Nbd7 13. f4 c5 14. Be3 Qb6 15. Kh1 Rad8 16. Qd2 Nf8 17. Rad1 Ne6 18. dxc5 Bxc5 19. Bxc5 Qxc5 20. Re3 Nxf4 21. Rde1 Nxg2 22. Rg3 Nxe1+ 23. Ne4 Bxe4+ 0-1